Empleo, desempleo y tamaño de la fuerza laboral en el mercado de trabajo urbano de la Argentina (Registro nro. 16305)

Detalles MARC
000 -LEADER
fixed length control field 00463 a2200133 4500
001 - CONTROL NUMBER
control field ART_3303
005 - DATE AND TIME OF LATEST TRANSACTION
control field 20260410161713.0
008 - FIXED-LENGTH DATA ELEMENTS--GENERAL INFORMATION
fixed length control field 260409a
100 1# - MAIN ENTRY--PERSONAL NAME
Personal name Sánchez, Carlos E.
245 10 - TITLE STATEMENT
Title Empleo, desempleo y tamaño de la fuerza laboral en el mercado de trabajo urbano de la Argentina
700 1# - ADDED ENTRY--PERSONAL NAME
Personal name Ferrero, Fernando
700 1# - ADDED ENTRY--PERSONAL NAME
Personal name Schulthess, Wálter E.
773 0# - HOST ITEM ENTRY
Title Desarrollo económico
Related parts - Vol. 19, Nº 73 (abr./jun. 1979)
Record control number REV1174

No hay ítems disponibles.